00668nam a2200205Ia 4500003000400000005001700004008004100021020003000062040001700092082002000109100002500129245015300154250001100307260003100318300001800349650002400367650002300391700002900414700001900443IIN20240124152724.0231217s9999 xx 000 0 und d cRs.1495.00a9789351524458 aIINbEnglish a610.73 bDOE1 aDoenges, Marilynn E.1 aNursing Care Plans: b Guidelines for Individualizing Client Care Across the Life SpancMarilynn E. Doenges, Mary Frances Moorhouse and Alice C. Mur a9th ed bJaypeeaPhiladelphiac2014 axxxii, 951 p.1 aFoundationvNursing1 aNursing Care Plans1 aMoorhouse, Mary Frances 1 aMur, Alice C.